| 000 | 00382nam a22001577a 4500 | ||
|---|---|---|---|
| 003 | OSt | ||
| 005 | 20170105103443.0 | ||
| 008 | 120504t xxu||||| |||| 00| 0 eng d | ||
| 020 | _a0801846749 | ||
| 040 | _cASAB | ||
| 050 | _a574.87, SCH | ||
| 245 |
_aGenetics and Molecular Biology _cRobert Schleif |
||
| 300 | _a667 | ||
| 650 |
_2Genetics and Molecular Biology _9216 |
||
| 942 |
_2lcc _cBK |
||
| 999 |
_c16510 _d16510 |
||